[Event "Himmerlandsturneringen 2025 Master"]
[Site "Stovring"]
[Date "2025.05.26"]
[Round "7"]
[White "Mikkelsen, Peter Jorgen Dam"]
[Black "Andersen, Frank"]
[Result "0-1"]
[WhiteElo "2097"]
[BlackElo "2145"]
[WhiteFideId "1439847"]
[BlackFideId "1403265"]
[EventDate "2025.04.28"]
[EventType "tourn"]
[EventRounds "7"]
[EventCountry "DEN"]
[SourceTitle "Skorping Skakklub"]

1. e4 c5 2. Nc3 Nc6 3. Bb5 g6 4. d3 Bg7 5. Nge2 Nf6 6. O-O O-O 7. f4 d6 8. Bxc6 bxc6 9. h3 Nd7 10. f5 e6 11. Bf4 Ne5 12. fxg6 hxg6 13. Qd2 Kh7 14. Rae1 Rb8 15. b3 Rb7 16. g4 f5 17. exf5 exf5 18. g5 Re7 19. Kg2 Bb7 20. Ng3 d5 21. Na4 d4 22. Bxe5 Qd5+ 23. Kg1 Bxe5 24. Qf2 Ref7 25. Re2 Qd6 26. Kg2 c4 27. Rxe5 Qxe5 28. Re1 c5+ 29. Kg1 Qc7 30. dxc4 Re7 31. Rxe7+ Qxe7 32. h4 f4 33. Qe2 Qe3+ 0-1

[Event "Himmerlandsturneringen 2025 Master"]
[Site "Stovring"]
[Date "2025.05.26"]
[Round "7"]
[White "Gronhoj, Benny"]
[Black "Jorgensen, Jorgen"]
[Result "0-1"]
[WhiteElo "1963"]
[BlackElo "2135"]
[WhiteFideId "1404245"]
[BlackFideId "1402820"]
[EventDate "2025.04.28"]
[EventType "tourn"]
[EventRounds "7"]
[EventCountry "DEN"]
[SourceTitle "Skorping Skakklub"]

1. e4 Nf6 2. Nc3 d5 3. e5 Nfd7 4. d4 c5 5. Nxd5 cxd4 6. Qxd4 Nb6 7. Bb5+ Nc6 8. c4 e6 9. Bg5 Bb4+ 10. Kf1 Qd7 11. Nc7+ Qxc7 12. c5 O-O 13. Bxc6 Qxc6 14. Qxb4 Nd5 15. Qd4 h6 16. Bd2 b6 17. cxb6 Ba6+ 18. Ne2 Rfd8 19. a4 Nxb6 20. Qc3 Qe4 21. Re1 Rac8 22. Qa5 Qxa4 23. Qxa4 Nxa4 24. Be3 Rc2 25. f4 Nxb2 26. g4 Nd1 27. Bxa7 Nc3 28. Bb6 Rdd2 0-1